| 000 | 00636nam a2200241Ia 4500 | ||
|---|---|---|---|
| 003 | OSt | ||
| 005 | 20220928150254.0 | ||
| 006 | a|||||r|||| 00| 0 | ||
| 007 | ta | ||
| 008 | 220927b |||||||| |||| 00| 0 eng d | ||
| 024 | _a89289 | ||
| 037 | _cTextual | ||
| 040 |
_aSDCL _cSDCL _beng |
||
| 041 |
_2eng _aeng |
||
| 082 | _aX:8F, N3 | ||
| 100 |
_aFischer Paul M _9459521 |
||
| 245 | 0 |
_aAdvanced accounting _b Student companion enrichment manual |
|
| 250 | _a5 | ||
| 260 | _c1993 | ||
| 700 |
_a Taylor William J _9459522 |
||
| 942 |
_hX:8F, N3 _cTEXL _2CC |
||
| 999 |
_c840989 _d840989 |
||